Andy Warhol - magnet pre turistov Medzilaborce a Múzeum moderného umenia

Bibliographic Details
Main Author: Ducárová, Katarína (Author)
Format: Article
Language:Slovak
PhysicalDescription:Fotogr. 2
Subjects:

MARC

LEADER 00000nab a2200000 a 4500
001 vtls000517572
003 SK-MaSNL
005 20260303185835.0
008 120928c1994 xo 0 slo
015 |a SNBRB19rr/mm-uuuuu 
035 |a CL0517710 
040 |a SNKBUCL  |b slo  |c SNKBUCL  |e AACR2 
041 0 |a slo 
044 |a xo  |c SK 
080 |a 069.6.02(437.673):73/77  |2 1981 
100 1 |a Ducárová, Katarína  |4 aut  |9 9666 
245 1 0 |a Andy Warhol - magnet pre turistov  |b Medzilaborce a Múzeum moderného umenia  |c Katarína Ducárová 
300 |b Fotogr. 2 
610 2 7 |a Múzeum moderného umenia rodiny Warholovcov  |2 snkbucl  |9 32294 
651 7 |a 5402  |2 snkbucl  |9 366935 
655 7 |a články z novín a časopisov  |2 snkbucl  |9 267496 
773 0 |t Slovenská republika  |g Roč. 1, č. 5 (17. 5. 1994), s. 6-7 
850 |a Slovenská národná knižnica v Martine  |a MTA001 
852 |a SNK  |b KIS3GCP 
958 |a RK 
992 |a RBX 
999 |c 2133293  |d 2135223